| 000 | 00554nam a2200193 a 4500 | ||
|---|---|---|---|
| 001 | 10165 | ||
| 005 | 20180713194222.0 | ||
| 008 | 140415s1993 sp 000 0 spa d | ||
| 041 | _aspa | ||
| 082 |
_a574.5 _bCAL |
||
| 100 | 1 | _aCALDWELL, LYNTON KEITH | |
| 245 | 1 | 0 |
_aECOLOGIA : _bCIENCIA Y POLITICA MEDIOAMBIENTAL |
| 250 | _a1a ed. | ||
| 260 |
_aESPAÑA : _bMC GRAW HILL INTERAMERICANA DE ESPAÑA, _c1993 |
||
| 300 | _a251 | ||
| 490 | _aMC GRAW HILL DE DIVULGACION | ||
| 650 | 1 | 4 | _aECOLOGIA |
| 700 | 1 |
_aGISBERT DE CRUZ, XAVIER _etr. |
|
| 999 |
_c10165 _d10165 |
||